000 00451nam a2200157 i 4500
001 29701
003 ES-MaACL
005 20230906154056.0
007 t|
008 030122s1963 sp ||||1| spa d
100 1 _aBallesteros Jaime, Lucio.
_925059
245 1 3 _aLa eterna canción /
_cLucio Ballesteros Jaime.
260 _aValencia :
_b[s.n.,
_c1963] (
_fTip. sucs. Vives Mora)
300 _a67 p. ;
_c24 cm.
852 _aES-MaACL
_jC-24178
_bR.52424
999 _c29701
_d29701